Flagi historycznych państw - Statystyki

Ogólne statystyki
  • Ten quiz został rozwiązany 16 razy
    12 od ostatniego zresetowania
  • Średni wynik to 8 z 16
Statystyki odpowiedzi
Obrazkowy Odpowiedź % Poprawnych
Imperium Osmańskie
100%
Cesarstwo Niemieckie
89%
Imperium Rosyjskie
89%
Pierwsza Republika Filipińska
89%
Dominium Kanady
78%
Królestwo Egiptu
78%
Joseon
67%
Wietnam Południowy
67%
Birma Brytyjska
33%
Republika Nowej Granady
22%
Zjednoczone Prowincje Ameryki Środkowej
22%
Królestwo Haiti
11%
Oman Traktatowy
11%
Sułtanat Darfuru
11%
Cesarstwo Środkowoafrykańskie
0%
Elektorat Palatynatu
0%
Nie znaleziono quizów pasujących do podanych kryteriów
Rozkład punktacji
Procent ludzi z każdym wynikiem
Percentyl według liczby udzielonych odpowiedzi
Twoja historia wyników
Nie rozwiązałeś tego quizu od ostatniego zresetowania